| 000 | 01258cam a2200277 i 4500 | ||
|---|---|---|---|
| 003 | SA-RiAUC | ||
| 005 | 20240928114201.0 | ||
| 008 | 240926s2004 su g b 000 0 ara c | ||
| 020 | _a9960037263 | ||
| 040 |
_aSA-RiAUC _bara _cSA-RiAUC _erda |
||
| 082 | 0 | 4 |
_a227.6 _qSA-RiAUC |
| 090 |
_a227.6 _bش د ي |
||
| 100 | 1 |
_aالشدي، عادل بن علي بن أحمد _eمؤلف. |
|
| 245 | 1 | 0 |
_aمنهج بن بدران في تفسيره جواهر الأفكار ومعادن الأسرار / _cعادل بن علي بن أحمد الشدي. |
| 264 | 1 |
_aمكة المكرمة : _bجامعة أم القرى، _c2004 |
|
| 300 |
_a175 صفحة ؛ _c24 سم. |
||
| 336 |
_aنص _btxt _2rdacontent _3كتاب |
||
| 337 |
_aبدون وسيط _bn _2rdamedia |
||
| 338 |
_aمجلد _bnc _2rdacarrier |
||
| 490 | 0 | _aسلسلة بحوث الدراسات الإسلامية | |
| 504 | _aببليوجرافية : صفحة 158-170. | ||
| 650 | 7 |
_aالإسلام والإنسانيات _2aucsh |
|
| 700 | 1 | 2 |
_iشرح لـ (عمل) : _aعبد القادر بدران، عبد القادر بن أحمد بن مصطفى، _d1280-1346 هجري. _tجواهر الأفكار ومعادن الأسرار |
| 942 |
_2ddc _cBOOK _n0 |
||
| 949 |
_aSA-JeALM _d240926 _umohamedma123 _n1 |
||
| 999 |
_c625 _d625 |
||